[Event "EU-ch Hybrid U14 Girls"]
[Site "Tornelo INT"]
[Date "2021.10.15"]
[Round "8"]
[White "Sismeiro, Sofia"]
[Black "Abbaszada, Madina"]
[Result "0-1"]
[WhiteElo "1142"]
[BlackElo "1091"]
[PlyCount "70"]
[EventDate "2021.10.15"]
[EventType "swiss"]
[EventRounds "9"]
[EventCountry "NET"]
[SourceTitle "EXT 2023"]
[Source "ChessBase"]
[SourceDate "2022.10.05"]
[SourceVersion "1"]
[SourceVersionDate "2022.10.05"]
[SourceQuality "1"]
[WhiteTeam "Portugal"]
[BlackTeam "Azerbaijan"]
[WhiteTeamCountry "POR"]
[BlackTeamCountry "AZE"]

1. e4 d5 2. exd5 Qxd5 3. Nc3 Qa5 4. d4 c6 5. Bc4 Nf6 6. Nf3 Bg4 7. Bd2 Nbd7 8. 0-0 e6 9. a3 Qb6 10. Be3 Bxf3 11. Qxf3 Qxb2 12. Bf4 Qxc2 13. Rfc1 Qg6 14. Rab1 Bxa3 15. Re1 Nb6 16. Ba2 0-0 17. Re5 h6 18. Re3 Be7 19. h3 Nfd5 20. Nxd5 Nxd5 21. Ree1 Bb4 22. Rec1 Ba3 23. Re1 Nxf4 24. Qxf4 b5 25. Qf3 b4 26. Qxc6 Rac8 27. Qa4 Qf6 28. Qxa7 Rc2 29. d5 Rxa2 30. dxe6 fxe6 31. Rxb4 Bxb4 32. Qxa2 Bxe1 33. Qe2 Qxf2+ 34. Kh1 Qxe2 35. g3 Rf1# 0-1